000 00315nam a2200133 i 4500
001 bg
100 1 _aSZALA, J.
245 0 _aPodstawowe zagadnienia w konstruowaniu maszyn /
_cJ. Szala.
260 _aBydgoszcz,
_c1990.
040 _cBPK
041 _apol
942 _cKS
008 s pl f |000 0 pol
999 _c4335
_d4335
856 _uhttp://koha.tu.koszalin.pl/cgi-bin/koha/opac-detail.pl?biblionumber=4335
_yKatalog online BPK